000 00330nam a22001337a 4500
008 181004b xxu||||| |||| 00| 0 eng d
020 _a9780394543956
041 _aeng
080 _a941
100 _a16
101 _aHIS
245 _aThe Creators A History Of Heroes Of The Imagination
_cDaniel.J /B
942 _2udc
_cBK
999 _c48837
_d48837